• 首页
  • 本馆介绍
  • 公告通知
  • 最新文献
  • 馆藏检索
  • 电子资源
  • 读者导购
  • 参考咨询
  • 我的图书馆
  • 登录
  • 详细信息显示
  • 放入我的书架
  • 预约/预借图书
  • 作者相关作品
  • 分类相关作品
  • 丛书相关作品
  • 出版社相关作品

书目信息

  • 表格格式
  • 工作单格式
  • 卡片格式
题名:
体育运动竞赛组织与编排
    
 
作者: 王定坤 编
分册:  
出版信息: 北京   北京师范大学出版社  1984
页数: 356页
开本: 19cm
丛书名:
单 册:
中图分类: G812.2
科图分类:
主题词: 运动竞赛--组织 , 运动竞赛--编排(体育) , 体育事业--世界
电子资源:
ISBN:
000 00798nam0 2200277 45
001 0184003052
001 19950424d1984 em y0chiy0121 ea
005 20040508090752.4
010    @dCNY1.20
091    @a7243.194
100    @a20040508d km y0chiy0120 ea
101 0  @achi
102    @aCN@b110000
105    @ay 000yy
106    @ar
200 10 @a体育运动竞赛组织与编排@Ati yu yun dong jing sai zu zhi yu bian pai@f王定坤等编@FWang Ding Kun Deng Bian
210    @a北京@c北京师范大学出版社@d1984
215    @a356页@d19cm
606    @a运动竞赛@x组织
606    @a运动竞赛@x编排(体育)
606 0  @a体育事业@x世界
690    @aG812.2
701  0 @a王定坤@Awang ding kun@4编
801  0 @aCN@b上海图书馆@c20040508
801  2 @aCN@bNLC@c20040508
905    @f1@b125532@dG812.2@e11
    
    体育运动竞赛组织与编排/王定坤等编.-北京:北京师范大学出版社,1984
    356页;19cm
    
    
    ISBN :CNY1.20
    
●
相关链接 在E读中查询图书 在五车中查询图书 在当当中查询图书 在豆瓣中查询图书


正题名:体育运动竞赛组织与编排     索取号:G812.2/11         预约/预借

序号 登录号 条形码 馆藏地/架位号 状态 备注
1 0125532   000997808   密集书库/ [索取号:G812.2/11] 在馆    
2 0125533   002065286   第一样本阅览室/ [索取号:G812.2/11] 在馆    
唐山师范学院图书馆 欢迎您!
大连网信软件有限公司© 版权所有